000 00188 a2200097 4500
020 _a9687260319
041 _aspa
100 _aAnonimo
245 _aEl hombre en busca de dios
942 _cBK
999 _c30963
_d30961